<?xml version="1.0" encoding="UTF-8"?><?xml-stylesheet type="text/xsl" href="static/style.xsl"?><OAI-PMH xmlns="http://www.openarchives.org/OAI/2.0/" xmlns:xsi="http://www.w3.org/2001/XMLSchema-instance" xsi:schemaLocation="http://www.openarchives.org/OAI/2.0/ http://www.openarchives.org/OAI/2.0/OAI-PMH.xsd"><responseDate>2026-06-03T20:51:13Z</responseDate><request verb="GetRecord" identifier="oai:riuma.uma.es:10630/4690" metadataPrefix="marc">https://riuma.uma.es/rest/oai/request</request><GetRecord><record><header><identifier>oai:riuma.uma.es:10630/4690</identifier><datestamp>2026-02-03T12:36:44Z</datestamp><setSpec>com_10630_2254</setSpec><setSpec>col_10630_37957</setSpec></header><metadata><record xmlns="http://www.loc.gov/MARC21/slim" xmlns:dcterms="http://purl.org/dc/terms/" xmlns:doc="http://www.lyncode.com/xoai" xmlns:xsi="http://www.w3.org/2001/XMLSchema-instance" xsi:schemaLocation="http://www.loc.gov/MARC21/slim http://www.loc.gov/standards/marcxml/schema/MARC21slim.xsd">
   <leader>00925njm 22002777a 4500</leader>
   <datafield ind2=" " ind1=" " tag="042">
      <subfield code="a">dc</subfield>
   </datafield>
   <datafield ind2=" " ind1=" " tag="720">
      <subfield code="a">Martín Ortiz, Jorge</subfield>
      <subfield code="e">author</subfield>
   </datafield>
   <datafield ind2=" " ind1=" " tag="260">
      <subfield code="c">2010</subfield>
   </datafield>
   <datafield ind2=" " ind1=" " tag="520">
      <subfield code="a">Se han investigado teóricamente los mecanismos de reacción correspondientes a las descomposiciones térmicas del oxetano, 2-metiloxetano, 3-viniloxetano y 3-metilenoxetano. Para realizar el estudio se utilizó la aproximación multiconfiguracional CASPT2//CASSCF, aunque para comparaciones también se hicieron cálculos DFT, CISD, QCISD, MPn (n = 2, 4), CCD y G2, según el sistema. Para interpretar las reestructuraciones electrónicas que tienen lugar en estas reacciones se han utilizado estas técnicas: análisis configuracional de interacción de fragmentos, análisis topológico de la densidad electrónica, en el marco de la Teoría Cuántica de Átomos en Moléculas de Bader, y análisis NBO.</subfield>
   </datafield>
   <datafield ind1="8" ind2=" " tag="024">
      <subfield code="a">9788497476294</subfield>
   </datafield>
   <datafield ind1="8" ind2=" " tag="024">
      <subfield code="a">http://hdl.handle.net/10630/4690</subfield>
   </datafield>
   <datafield tag="653" ind2=" " ind1=" ">
      <subfield code="a">Compuestos heterocíclicos</subfield>
   </datafield>
   <datafield ind2="0" ind1="0" tag="245">
      <subfield code="a">La descomposición térmica del oxetano y derivados: un estudio teórico</subfield>
   </datafield>
</record>
</metadata></record></GetRecord></OAI-PMH>